Normal view
MARC view
- Malik Ali Waqar Awan Muhammad Daniyal Abdul Rehman Muhammad Abdul Rehman Warraich
Entry Personal Name
001 - CONTROL NUMBER
- control field: 71724
003 - CONTROL NUMBER IDENTIFIER
- control field: NUST
005 - DATE AND TIME OF LATEST TRANSACTION
- control field: 20210628204655.0
008 - FIXED-LENGTH DATA ELEMENTS
- fixed length control field: 210628|| aca||aabn | a|a d
040 ## - CATALOGING SOURCE
- Original cataloging agency: NUST
- Transcribing agency: NUST
100 ## - HEADING--PERSONAL NAME
- Personal name: Malik Ali Waqar Awan Muhammad Daniyal Abdul Rehman Muhammad Abdul Rehman Warraich
670 ## - SOURCE DATA FOUND
- Source citation: Work cat.: (NUST): Malik Ali Waqar Awan Muhammad Daniyal Abdul Rehman Muhammad Abdul Rehman Warraich, PR-SOF-1666-DESIGN AND FABRICATION OF HIGH VOLTAGE POWER SUPPLY FOR LAADS RADAR, 2017
